ՀՀ Գիտությունների ազգային ակադեմիայի հիմնարար գիտական գրադարան  =   Fundamental Scientific Library of NAS RA

Марс / (Record no. 387927)

MARC details
000 -LEADER
fixed length control field 00551nam a22001937a 4500
003 - CONTROL NUMBER IDENTIFIER
control field AM-YeHGA
005 - DATE AND TIME OF LATEST TRANSACTION
control field 20250617153254.0
008 - FIXED-LENGTH DATA ELEMENTS--GENERAL INFORMATION
fixed length control field 170804b xxu||||| |||| 00| 0 rus d
040 ## - CATALOGING SOURCE
Original cataloging agency AM-YeHGA
041 1# - LANGUAGE CODE
Language code of text/sound track or separate title rus
Language code of original rum
090 ## - LOCALLY ASSIGNED LC-TYPE CALL NUMBER (OCLC); LOCAL CALL NUMBER (RLIN)
-- 389918
100 1# - MAIN ENTRY--PERSONAL NAME
Personal name Шербу, Валентин
245 10 - TITLE STATEMENT
Title Марс /
Statement of responsibility, etc. Валентин Шербу
260 ## - PUBLICATION, DISTRIBUTION, ETC.
Place of publication, distribution, etc. Бухарест :
Name of publisher, distributor, etc. Румыния,
Date of publication, distribution, etc. 1979
300 ## - PHYSICAL DESCRIPTION
Extent 46 с.
440 #0 - SERIES STATEMENT/ADDED ENTRY--TITLE
Title Б-ка "Румыния"
Volume/sequential designation № 7/1979
653 0# - INDEX TERM--UNCONTROLLED
Uncontrolled term Румынская литература
942 ## - ADDED ENTRY ELEMENTS (KOHA)
Source of classification or shelving scheme Universal Decimal Classification
Koha item type Գրքեր / Books
Holdings
Withdrawn status Lost status Damaged status Not for loan Collection Home library Current library Date acquired Total checkouts Full call number Barcode Date last seen Price effective from Koha item type
        General Fundamental Scientific Library Fundamental Scientific Library 04/08/2017   PII/437599 FL0456482 04/08/2017 04/08/2017 Գրքեր / Books


ՀՀ ԳԱԱ հիմնարար գիտական գրադարան
ՀՀ,Երևան 0019
Մարշալ Բաղրամյան 24/6
հեռախոս:(374-10) 52-47-50
Հետադարձ կապ

All site content, except where otherwise noted, is licensed under a
Creative Commons License